01358nam a2200289 a 4500001001000000005001700010008004100027041000800068044000700076084002000083100004500103245009100148260003900239300002400278500008600302500009200388500017500480500006600655500001000721546002500731650005200756650005600808650003400864650004500898700007500943740005001018BRCA_315820190320204135.0110209s1885----fr-a---###---#000-0#fre-u afre afr a458b.M36c18851 aCervantes Saavedra, Miguel ded1547-161610aL´Ingénieux Chevalier Don Quichotte de la Manchecpar Miguel de Cervantes Saavedra. aTours (Francia)bAlfred Mamec1885 a486 p.bil.c25 cm. aContenido : Primera parte. Advertencia del traductor. Texto. Segunda parte. Texto aEdición : Traduction nouvelle. Illustration par Grandville, Karl Girardet et Fraipont aReproducción de las abreviaciones del autor anónimo, publicadas por los mismos editores, en 1858, etc. La parte tipográfica es muy buena. Rústica Lúdovik Osterc aEstado físico : La encuadernación se encuentra maltratada aQM387 aTexto en : francés14aNovela españolayÉpoca clásica, 1500-170014aLiteratura españolayÉpoca clásica, 1500-170014aNovela españolaySiglo XVII14aDon Quijote (Personaje ficticio)eNovela1 aGrandville, J.J.d1803-1847qIsidore Gérard, Jean IgnaceeIlustrador0 aEl Ingenioso Hidalgo Don Quijote de la Mancha